Allergies and children : (Record no. 2010)

000 -LEADER
fixed length control field 00752nam a2200241 a 4500
003 - CONTROL NUMBER IDENTIFIER
control field UkOxU
005 - DATE AND TIME OF LATEST TRANSACTION
control field 20210706052356.0
008 - FIXED-LENGTH DATA ELEMENTS--GENERAL INFORMATION
fixed length control field 890322s1989 enka 000 0 eng d
020 ## - INTERNATIONAL STANDARD BOOK NUMBER
International Standard Book Number 0521356652
040 ## - CATALOGING SOURCE
Transcribing agency ALUPE UNIVERSITY
050 #0 - LIBRARY OF CONGRESS CALL NUMBER
Classification number RJ386
Item number .G6 1989
092 ## - LOCALLY ASSIGNED DEWEY CALL NUMBER (OCLC)
Classification number D0400034457
100 1# - MAIN ENTRY--PERSONAL NAME
Personal name Gold, Milton.
245 10 - TITLE STATEMENT
Title Allergies and children :
Remainder of title a handbook for parents /
Statement of responsibility, etc. Milton Gold, Barry Zimmerman
250 ## - EDITION STATEMENT
Edition statement Rev. ed.
260 ## - PUBLICATION, DISTRIBUTION, ETC.
Place of publication, distribution, etc. Cambridge :
Name of publisher, distributor, etc. Cambridge University Press,
Date of publication, distribution, etc. 1989
300 ## - PHYSICAL DESCRIPTION
Extent 96 p. :
Other physical details ill. ;
Dimensions 23 cm
500 ## - GENERAL NOTE
General note Originally publ.: Toronto : Kids Can Press, 1986
650 #0 - SUBJECT ADDED ENTRY--TOPICAL TERM
Topical term or geographic name entry element Allergy in children
700 1# - ADDED ENTRY--PERSONAL NAME
Personal name Zimmerman, Barry.
942 ## - ADDED ENTRY ELEMENTS (KOHA)
Source of classification or shelving scheme
Koha item type Book
Suppress in OPAC SO
Holdings
Withdrawn status Lost status Source of classification or shelving scheme Damaged status Not for loan Permanent Location Current Location Shelving location Date acquired Total Checkouts Full call number Barcode Date due Date last seen Date last checked out Copy number Price effective from Koha item type Public note
          AU LIBRARY AU LIBRARY Open Shelf 06.07.2021 1 RJ386 .G6 1989 C1 28003550 26.10.2023 12.10.2023 12.10.2023 1 06.07.2021 Book SO
          AU LIBRARY AU LIBRARY Open Shelf 06.07.2021   RJ386 .G6 1989 C2 28003551   06.07.2021   2 06.07.2021 Book SO

Powered by Koha